000 nam a22 7a 4500
999 _c1176
_d1176
005 20170508145923.0
008 170508b1996 may||||| |||| 00| 0 may d
020 _a9676900753
040 _aAKMAL
082 _a297.52 SHI
090 _a297.52
_bSHI
100 1 _aAsh Ash-Shiddieqy, T. M. Hasbi,
_d1906-
_92380
245 1 0 _a Pedoman shalat /
_cT.M. Hasbi Ash-Shiddieqy
260 _aJohor Baru; Batu Caves :
_bThinker's Library,
_c1986
300 _a590p. ;
_c21cm
650 0 _aPrayer
_xIslam
_91518
942 _2ddc
_cBOOK